The entrepreneural tongues of maranao vendors : (Record no. 10222)
[ view plain ]
| 000 -LEADER | |
|---|---|
| fixed length control field | 00689nam a22001697a 4500 |
| 008 - FIXED-LENGTH DATA ELEMENTS--GENERAL INFORMATION | |
| fixed length control field | 180807b ||||| |||| 00| 0 eng d |
| 082 ## - DEWEY DECIMAL CLASSIFICATION NUMBER | |
| Edition number | 2018 |
| Classification number | UT 1007 |
| Item number | V68 |
| 100 ## - MAIN ENTRY--PERSONAL NAME | |
| 9 (RLIN) | 30181 |
| Personal name | Vigonte, Jaynnie Allyza P. |
| 245 ## - TITLE STATEMENT | |
| Title | The entrepreneural tongues of maranao vendors : |
| Remainder of title | a closer look to their persuasive discourse / |
| Statement of responsibility, etc. | Jaynnie Allyza P. Vigonte, Faithy Mae T. Labita, Jochris C. Lincopines |
| 260 ## - PUBLICATION, DISTRIBUTION, ETC. (IMPRINT) | |
| Place of publication, distribution, etc. | Digos City : |
| Name of publisher, distributor, etc. | UMDC |
| Date of publication, distribution, etc. | April 2018 |
| 300 ## - PHYSICAL DESCRIPTION | |
| Extent | 50 pages ; |
| Other physical details | 29 cm. |
| 650 #0 - SUBJECT ADDED ENTRY--TOPICAL TERM | |
| 9 (RLIN) | 30182 |
| Topical term or geographic name as entry element | Education. |
| Form subdivision | English |
| General subdivision | Undergraduate thesis. |
| 700 ## - ADDED ENTRY--PERSONAL NAME | |
| 9 (RLIN) | 30183 |
| Personal name | Vigonte, Jaynnie Allyza P |
| 700 ## - ADDED ENTRY--PERSONAL NAME | |
| 9 (RLIN) | 30184 |
| Personal name | Labita, Faithy Mae T. |
| 700 ## - ADDED ENTRY--PERSONAL NAME | |
| 9 (RLIN) | 30186 |
| Personal name | Lincopines, Jochris C. |
| 942 ## - ADDED ENTRY ELEMENTS (KOHA) | |
| Source of classification or shelving scheme | Dewey Decimal Classification |
| Koha item type | Undergraduate Thesis |
| Withdrawn status | Lost status | Source of classification or shelving scheme | Damaged status | Not for loan | Home library | Current library | Date acquired | Total Checkouts | Full call number | Barcode | Date last seen | Copy number | Price effective from | Koha item type |
|---|---|---|---|---|---|---|---|---|---|---|---|---|---|---|
| Dewey Decimal Classification | UM Digos College - LIC | UM Digos College - LIC | 08/01/2018 | UT 1007 V68 2018 | 1007 | 05/15/2025 | 1 | 08/07/2018 | Undergraduate Thesis |
